[Event "40th ECC Open 2025"]
[Site "Rhodes GRE"]
[Date "2025.10.25"]
[Round "7.44"]
[White "Rodshtein, Maxim"]
[Black "Wei, Yi"]
[Result "0-1"]
[WhiteTitle "GM"]
[BlackTitle "GM"]
[WhiteElo "2647"]
[BlackElo "2754"]
[WhiteTeam "Rishon Le Zion #1"]
[BlackTeam "Alkaloid"]
[WhiteFideId "2806851"]
[BlackFideId "8603405"]
[EventDate "2025.10.19"]

1. c4 Nf6 2. g3 e6 3. Bg2 d5 4. Nf3 Be7 5. d4 O-O 6. O-O dxc4 7. Qc2 a6 8. a4
Bd7 9. Qxc4 Bc6 10. Bg5 Bd5 11. Qc2 Be4 12. Qc1 Nc6 13. e3 h6 14. Bxf6 Bxf6 15.
Nc3 Bh7 16. Rd1 Nb4 17. Ne1 c6 18. Be4 Qa5 19. Nd3 Nxd3 20. Bxh7+ Kxh7 21. Rxd3
Rad8 22. Qc2 g6 23. Rad1 Be7 24. e4 Rd7 25. d5 cxd5 26. exd5 Rfd8 27. Rf3 Bf8
28. h4 Kg8 29. h5 g5 30. Kg2 exd5 31. Qf5 Kh8 32. Rfd3 Bg7 33. Rxd5 Rxd5 34.
Rxd5 Rxd5 35. Nxd5 Qxa4 36. Qxf7 Qc6 37. Kh2 b6 38. Ne7 Qa8 39. b3 Qd8 40. Qe6
a5 41. Kg2 Qa8+ 42. f3 Qd8 43. Kh3 b5 44. Nc6 Qf8 45. Ne7 Qd8 46. Nf5 Qf8 47.
Kg4 a4 48. bxa4 bxa4 49. Nd6 Qf6 50. Qc8+ Bf8 51. Ne4 Qe7 52. Qc3+ Qg7 53. Kf5
a3 54. Qxg7+ Bxg7 55. Nc5 Kg8 56. Ke6 Bc3 57. f4 g4 58. Nb3 a2 59. f5 Kg7 60.
Ke7 Be5 61. Ke6 Bf6 62. Kd5 Kf7 63. Kd6 Bh4 0-1

[Event "40th ECC Open 2025"]
[Site "Rhodes GRE"]
[Date "2025.10.25"]
[Round "7.45"]
[White "Yu, Yangyi"]
[Black "Steinberg, Nitzan"]
[Result "1/2-1/2"]
[WhiteTitle "GM"]
[BlackTitle "GM"]
[WhiteElo "2720"]
[BlackElo "2554"]
[WhiteTeam "Alkaloid"]
[BlackTeam "Rishon Le Zion #1"]
[WhiteFideId "8603820"]
[BlackFideId "2801795"]
[EventDate "2025.10.19"]

1. d4 d5 2. c4 c6 3. Nf3 Nf6 4. Nc3 dxc4 5. a4 Bf5 6. Ne5 Nbd7 7. Nxc4 Nb6 8.
Ne5 a5 9. e3 h6 10. Bd3 Bxd3 11. Nxd3 e6 12. Qb3 Nfd5 13. O-O Nb4 14. Rd1 Be7
15. Nf4 N6d5 16. e4 Nxf4 17. Bxf4 Qb6 18. Ne2 O-O 19. Qg3 Kh7 20. Be5 Rg8 21. h4
Qd8 22. h5 Bf6 23. Qf4 Rf8 24. Nc3 Bxe5 25. dxe5 Qg5 26. Qxg5 hxg5 27. Rd7 Rab8
28. Nd1 Kg8 29. Ne3 Rfd8 30. Rd6 Nd3 31. Nc4 b5 32. Nxa5 Nxe5 33. Rxd8+ Rxd8 34.
b3 Rd7 35. Kf1 Ra7 36. b4 bxa4 37. Rxa4 Nd3 38. Ke2 Nxb4 39. Rxb4 Rxa5 40. Rb8+
Kh7 41. Rc8 Rc5 42. Rc7 f5 43. Kd3 Kh6 44. Re7 Re5 45. exf5 Rd5+ 46. Ke2 exf5
47. Re6+ Kxh5 48. Rxc6 Re5+ 49. Kf1 f4 50. Rc7 Kg6 51. g4 fxg3 52. fxg3 g4 1/2-1/2

[Event "40th ECC Open 2025"]
[Site "Rhodes GRE"]
[Date "2025.10.25"]
[Round "7.46"]
[White "Sokolovsky, Yahli"]
[Black "Aravindh, Chithambaram VR."]
[Result "1/2-1/2"]
[WhiteTitle "GM"]
[BlackTitle "GM"]
[WhiteElo "2539"]
[BlackElo "2711"]
[WhiteTeam "Rishon Le Zion #1"]
[BlackTeam "Alkaloid"]
[WhiteFideId "2820242"]
[BlackFideId "5072786"]
[EventDate "2025.10.19"]

1. e4 c5 2. Nf3 Nc6 3. Bb5 e6 4. O-O Nge7 5. Re1 Ng6 6. c3 Be7 7. d4 cxd4 8.
cxd4 d5 9. exd5 exd5 10. Bg5 O-O 11. Bxe7 Ngxe7 12. h3 Qd6 13. Nc3 Be6 14. Qd2
a6 15. Bxc6 Nxc6 16. Ne5 Rac8 17. Nxc6 Qxc6 18. Re3 f6 19. Rae1 Rfe8 20. R1e2
Bf7 21. Qe1 Rxe3 22. Rxe3 Kf8 23. Qb1 Bg6 24. Qd1 Bf7 25. Qb1 g6 26. Qd1 Qd6 27.
Qd2 Kg7 28. Na4 b6 29. Rc3 Rb8 30. Rc1 Re8 31. Nc3 Re7 32. Ne2 h5 33. Ng3 a5 34.
Re1 Rc7 35. Ne2 Qb4 36. Rd1 Qxd2 37. Rxd2 b5 38. Kf1 b4 39. Ke1 g5 40. Rd1 Rc2
41. Rd2 Rc4 42. b3 Rc7 43. Rb2 Be8 44. a3 Bb5 45. axb4 axb4 46. Kd1 Bxe2+ 47.
Rxe2 Rc3 48. Re7+ Kg6 49. Rd7 Rd3+ 50. Ke2 Rxd4 51. Ke3 Rd1 52. Rb7 Re1+ 53. Kd2
Rg1 54. g3 Rh1 55. Rxb4 Rxh3 56. Rd4 h4 57. gxh4 gxh4 58. b4 Rh1 59. Ke2 h3 60.
Kf3 Rg1 61. Rh4 Rb1 62. Kg3 Rb3+ 63. f3 Kf5 64. Rxh3 Rxb4 65. Rh5+ Ke6 66. f4
Rb3+ 67. Kf2 Ra3 68. Ke2 Rb3 69. Kf2 d4 70. Ra5 Rc3 71. Rb5 Ra3 72. Rc5 Rh3 73.
Ra5 d3 74. Ke1 Rh2 75. f5+ Kd6 76. Kd1 Rf2 77. Ke1 Re2+ 78. Kd1 Rg2 79. Ra3 Rg3
80. Ra5 Rg4 81. Kd2 Rd4 82. Rb5 Ke7 83. Rb7+ Kf8 84. Rb3 Kg7 85. Rxd3 Rxd3+ 86.
Kxd3 Kh6 87. Ke4 Kg5 88. Ke3 Kxf5 89. Kf3 Ke5 90. Ke3 f5 91. Kf3 f4 92. Kf2 f3
93. Kxf3 1/2-1/2

[Event "40th ECC Open 2025"]
[Site "Rhodes GRE"]
[Date "2025.10.25"]
[Round "7.47"]
[White "Indjic, Aleksandar"]
[Black "Zanan, Evgeny"]
[Result "1-0"]
[WhiteTitle "GM"]
[BlackTitle "GM"]
[WhiteElo "2618"]
[BlackElo "2504"]
[WhiteTeam "Alkaloid"]
[BlackTeam "Rishon Le Zion #1"]
[WhiteFideId "911925"]
[BlackFideId "24101940"]
[EventDate "2025.10.19"]

1. d4 Nf6 2. c4 e6 3. Nf3 b6 4. a3 Bb7 5. Nc3 d5 6. cxd5 Nxd5 7. Qc2 Be7 8. e4
Nxc3 9. bxc3 O-O 10. Bd3 c5 11. O-O Nd7 12. Qe2 Rc8 13. Bd2 Qc7 14. a4 Rfd8 15.
e5 Bxf3 16. gxf3 Nb8 17. Qe4 g6 18. Be3 Nc6 19. Ba6 Rb8 20. Rac1 Qd7 21. Rfd1
Qd5 22. Bb5 Rbc8 23. dxc5 Qxe4 24. fxe4 bxc5 25. Rxd8+ Nxd8 26. Rd1 Rc7 27. f4
Nb7 28. Kf2 Na5 29. f5 exf5 30. exf5 f6 31. e6 g5 32. Kf3 h5 33. Ke4 Nb7 34. Kd5
h4 35. h3 Nd6 36. Rf1 Nc8 37. a5 Nd6 38. Bd7 Kg7 39. Bg1 Rb7 40. Bxc5 Rb2 41.
Kc6 Rc2 42. Rf3 Rd2 43. Bxa7 Nc4 44. Kb5 Nd6+ 45. Ka6 Kf8 46. Bb6 Ne4 47. Bc6
Nc5+ 48. Kb5 Nd3 49. Rxd3 Rxd3 50. a6 1-0

[Event "40th ECC Open 2025"]
[Site "Rhodes GRE"]
[Date "2025.10.25"]
[Round "7.48"]
[White "Bronstein, Or"]
[Black "Puranik, Abhimanyu"]
[Result "0-1"]
[WhiteTitle "IM"]
[BlackTitle "GM"]
[WhiteElo "2460"]
[BlackElo "2615"]
[WhiteTeam "Rishon Le Zion #1"]
[BlackTeam "Alkaloid"]
[WhiteFideId "2815770"]
[BlackFideId "5061245"]
[EventDate "2025.10.19"]

1. d4 Nf6 2. c4 e6 3. Nc3 Bb4 4. Nf3 d5 5. Bg5 h6 6. Bxf6 Qxf6 7. e3 O-O 8. Rc1
dxc4 9. Bxc4 c5 10. O-O cxd4 11. Ne4 Qe7 12. a3 Ba5 13. exd4 Rd8 14. b4 Bb6 15.
Rc3 Bd7 16. Re1 Bc6 17. Ng3 Qd6 18. Rd3 Bxf3 19. Qxf3 Nc6 20. Nh5 Nxd4 21. Qg4
Qf8 22. Qe4 Kh8 23. Red1 Rac8 24. Ba2 Nf5 25. Bb1 Rxd3 26. Bxd3 g6 27. Qe5+ Ng7
28. Nf6 Rd8 29. Ng4 h5 30. Ne3 Rd7 31. Be2 Rxd1+ 32. Nxd1 Qd8 33. Kf1 Kg8 34.
Qe4 Qc7 35. g3 Nf5 36. Bf3 Nd6 37. Qd3 e5 38. Nc3 Bd4 39. Ne2 Qb6 40. Nxd4 exd4
41. Bd5 Kf8 42. Kg2 Nf5 43. Qc4 Nd6 44. Qd3 Kg7 45. Qd2 Nb5 46. Qd3 Nc7 47. Be4
Nb5 48. Bd5 Nc3 49. Bf3 a6 50. Kf1 Nb5 51. Bd5 Nxa3 52. Qf3 f6 53. Qe4 Qd6 54.
Bb3 Qd7 55. Bd5 Nb5 56. Bb3 Nc3 57. Qd3 b5 58. Bc2 f5 59. Qd2 Qd5 60. Kg1 Qd6
61. Qg5 Ne4 62. Qc1 d3 63. Bb3 d2 64. Qa1+ Qf6 65. Qa5 Kh6 66. Qc7 Qa1+ 67. Kg2
d1=Q 68. Bxd1 Qxd1 69. Qe5 Qd8 0-1

[Event "40th ECC Open 2025"]
[Site "Rhodes GRE"]
[Date "2025.10.25"]
[Round "7.49"]
[White "Mamedov, Rauf"]
[Black "Keymer, Vincent"]
[Result "0-1"]
[WhiteTitle "GM"]
[BlackTitle "GM"]
[WhiteElo "2655"]
[BlackElo "2755"]
[WhiteTeam "Vugar Gashimov"]
[BlackTeam "Novy Bor"]
[WhiteFideId "13401653"]
[BlackFideId "12940690"]
[EventDate "2025.10.19"]

1. e4 e5 2. Nf3 Nc6 3. Bc4 Nf6 4. d4 exd4 5. e5 d5 6. Bb5 Nd7 7. O-O Be7 8. Bxc6
bxc6 9. Nxd4 Nb8 10. Qf3 c5 11. Nb5 Bb7 12. c4 Nc6 13. Qg3 d4 14. Re1 a6 15.
N1c3 dxc3 16. Qxg7 Rf8 17. Bh6 axb5 18. e6 fxe6 19. Qxh7 Rf6 20. Bg5 Qd4 21.
Bxf6 Qxf6 22. Rad1 Nd4 0-1

[Event "40th ECC Open 2025"]
[Site "Rhodes GRE"]
[Date "2025.10.25"]
[Round "7.50"]
[White "Vidit, Santosh Gujrathi"]
[Black "Suleymanli, Aydin"]
[Result "1/2-1/2"]
[WhiteTitle "GM"]
[BlackTitle "GM"]
[WhiteElo "2716"]
[BlackElo "2614"]
[WhiteTeam "Novy Bor"]
[BlackTeam "Vugar Gashimov"]
[WhiteFideId "5029465"]
[BlackFideId "13413937"]
[EventDate "2025.10.19"]

1. d4 Nf6 2. c4 e6 3. g3 d5 4. Bg2 Bb4+ 5. Nd2 O-O 6. Nf3 b6 7. O-O Bb7 8. b3 c5
9. Bb2 Qe7 10. dxc5 Bxc5 11. Qc2 Rc8 12. Rac1 Nbd7 13. Qb1 dxc4 14. Nxc4 b5 15.
Nce5 Nxe5 16. Bxe5 Ne4 17. e3 f6 18. Bb2 Bb6 19. Rxc8+ Rxc8 20. Rc1 Rxc1+ 21.
Qxc1 Nc5 22. Qd1 a6 23. Ba3 Qc7 24. Bxc5 Bxc5 25. Ne1 Bxg2 26. Kxg2 Qc6+ 27. Qf3
Qxf3+ 28. Kxf3 Kf7 29. Nd3 Bb6 30. Ke2 Ke7 31. e4 1/2-1/2

[Event "40th ECC Open 2025"]
[Site "Rhodes GRE"]
[Date "2025.10.25"]
[Round "7.51"]
[White "Nogerbek, Kazybek"]
[Black "Harikrishna, Pentala"]
[Result "0-1"]
[WhiteTitle "GM"]
[BlackTitle "GM"]
[WhiteElo "2543"]
[BlackElo "2697"]
[WhiteTeam "Vugar Gashimov"]
[BlackTeam "Novy Bor"]
[WhiteFideId "13710427"]
[BlackFideId "5007003"]
[EventDate "2025.10.19"]

1. d4 Nf6 2. c4 e6 3. Nf3 b6 4. a3 Bb7 5. Nc3 d5 6. cxd5 Nxd5 7. Qc2 Nxc3 8.
bxc3 c5 9. e4 Nd7 10. Bf4 cxd4 11. cxd4 Rc8 12. Qb3 Be7 13. Bd3 Nf6 14. Qb5+ Bc6
15. Qb1 O-O 16. a4 h6 17. O-O a5 18. Rd1 Bb4 19. Bd2 Qe7 20. Bxb4 axb4 21. Ra2
Rfd8 22. Re1 Be8 23. Rb2 Bxa4 24. Rxb4 b5 25. d5 Qc5 26. h3 exd5 27. e5 Ne4 28.
Bxe4 dxe4 29. Qxe4 Bc2 30. Qh4 Rd1 31. Rxd1 Bxd1 32. Qe4 Bxf3 33. gxf3 Rd8 34.
Rb1 Qb6 35. Rb4 Qc5 36. Rb1 Rb8 37. Rb4 Rb6 38. Qe1 Qd5 39. Qe2 Qc5 40. Qb2 Qc6
41. Kg2 Qb7 42. Qe2 Qe7 43. Qb2 Qc5 44. Rg4 Re6 45. f4 Qd5+ 46. Kh2 Qc5 47. Kg1
b4 48. Rg3 Qb5 49. Qb3 Rb6 50. Kg2 Qc6+ 51. Kh2 Qe4 52. Qe3 Qxe3 53. fxe3 Kf8
54. Rg2 Ke7 55. f5 Rb5 56. Rb2 Rxe5 57. Rxb4 Rxe3 58. Rb6 Rf3 59. Rb5 Kf6 0-1

[Event "40th ECC Open 2025"]
[Site "Rhodes GRE"]
[Date "2025.10.25"]
[Round "7.52"]
[White "Navara, David"]
[Black "Ahmadzada, Ahmad"]
[Result "1/2-1/2"]
[WhiteTitle "GM"]
[BlackTitle "GM"]
[WhiteElo "2656"]
[BlackElo "2523"]
[WhiteTeam "Novy Bor"]
[BlackTeam "Vugar Gashimov"]
[WhiteFideId "309095"]
[BlackFideId "13413007"]
[EventDate "2025.10.19"]

1. e4 e5 2. Nf3 Nc6 3. Bb5 a6 4. Ba4 Nf6 5. O-O Be7 6. Re1 b5 7. Bb3 O-O 8. a4
Bb7 9. d3 d6 10. Bd2 b4 11. c3 Rb8 12. h3 bxc3 13. bxc3 d5 14. a5 dxe4 15. dxe4
Bc5 16. Qc2 Ne7 17. Bc4 Ng6 18. Bc1 Qd6 19. Nbd2 Qc6 20. Ba3 Bd6 21. Bxd6 cxd6
22. Rab1 Qc5 23. Qa2 h6 24. Rb4 Qc7 25. Reb1 Nd7 26. Qb2 Bc6 27. Bxa6 Qxa5 28.
Bb5 Rxb5 29. Rxb5 Qxb5 30. Qxb5 Bxb5 31. Rxb5 Rc8 32. c4 Nf4 1/2-1/2

[Event "40th ECC Open 2025"]
[Site "Rhodes GRE"]
[Date "2025.10.25"]
[Round "7.53"]
[White "Samadov, Read"]
[Black "Grandelius, Nils"]
[Result "1/2-1/2"]
[WhiteTitle "IM"]
[BlackTitle "GM"]
[WhiteElo "2523"]
[BlackElo "2645"]
[WhiteTeam "Vugar Gashimov"]
[BlackTeam "Novy Bor"]
[WhiteFideId "13417444"]
[BlackFideId "1710400"]
[EventDate "2025.10.19"]

1. d4 d5 2. c4 c6 3. Nf3 Nf6 4. Nc3 a6 5. c5 Nbd7 6. Bf4 Nh5 7. Bd2 g6 8. e4
dxe4 9. Nxe4 Ndf6 10. Nxf6+ Nxf6 11. Bc4 Bg7 12. h3 O-O 13. O-O Bf5 14. Bf4 Be4
15. Be5 Bd5 16. Qb3 Bxc4 17. Qxc4 Qd5 18. Qb4 Qd7 19. Rfe1 a5 20. Qd2 a4 21. Re2
Ra6 22. Rae1 b6 23. Bf4 Nd5 24. Bh6 Qf5 25. Bxg7 Kxg7 26. Re5 Qf6 27. Ng5 bxc5
28. Ne4 Qh4 29. dxc5 Ra7 30. Nc3 Nxc3 31. Qxc3 Kg8 32. R1e4 Qf6 33. h4 Rd8 34.
h5 Rd1+ 35. Re1 Rad7 1/2-1/2

[Event "40th ECC Open 2025"]
[Site "Rhodes GRE"]
[Date "2025.10.25"]
[Round "7.54"]
[White "Anton Guijarro, David"]
[Black "Babazada, Khazar"]
[Result "1-0"]
[WhiteTitle "GM"]
[BlackTitle "IM"]
[WhiteElo "2631"]
[BlackElo "2502"]
[WhiteTeam "Novy Bor"]
[BlackTeam "Vugar Gashimov"]
[WhiteFideId "2285525"]
[BlackFideId "13413554"]
[EventDate "2025.10.19"]

1. d4 Nf6 2. c4 g6 3. Nc3 Bg7 4. e4 d6 5. h3 O-O 6. Be3 Nbd7 7. Bd3 e5 8. d5 Nc5
9. Bc2 a5 10. Nf3 Nh5 11. O-O Nf4 12. Re1 Bd7 13. Rb1 c6 14. a3 cxd5 15. cxd5
Qc7 16. Qd2 a4 17. Bxf4 exf4 18. Qxf4 Rfe8 19. Qd2 Qb6 20. Qg5 h6 21. Qf4 Re7
22. Qd2 Rae8 23. Red1 Nb3 24. Bxb3 Qxb3 25. Rbc1 Qb6 26. Rc2 Kh7 27. Rcc1 Qb3
28. Re1 Qb6 29. Re3 Bf6 30. Rce1 Kg7 31. R3e2 Qc5 32. Re3 Qb6 33. Kh2 Rc8 34. e5
dxe5 35. Ne4 Rce8 36. Qc3 Rc8 37. Qd2 Rce8 38. Kg1 Bf5 39. d6 Re6 40. d7 Rd8 41.
Nxf6 Rxf6 42. Nxe5 Rd6 43. Qc1 Qd4 44. Qc7 Qb6 45. Qc3 Qd4 46. Qc7 Qb6 47. Qc4
Be6 48. Qh4 g5 49. Qg3 Rd4 50. Nf3 Rd5 51. h4 Qd6 52. Qxd6 Rxd6 53. hxg5 R6xd7
54. gxh6+ Kxh6 55. Re4 b5 56. Rb4 Rd1 57. Rxd1 Rxd1+ 58. Kh2 Rd5 59. Kg3 Rc5 60.
Rd4 Kg7 61. Kf4 Kf6 62. Ke3 Bd5 63. Ne1 Be6 64. f3 Rc1 65. Kf2 Rb1 66. Rd2 Bc4
67. g4 Ke5 68. Ng2 f5 69. gxf5 Kxf5 70. Ne3+ Ke5 71. Nxc4+ bxc4 72. Ke3 Re1+ 73.
Re2 Rd1 74. f4+ Kf5 75. Rd2 Rc1 76. Rd5+ Kg4 77. Kd2 Rf1 78. Rd4 Rf2+ 79. Kc3
Rf3+ 80. Kb4 Rb3+ 81. Kxa4 Rxb2 82. Rxc4 Rb8 83. Ka5 Ra8+ 84. Kb4 Rb8+ 85. Kc3
Kf5 86. a4 Ra8 87. Rd4 1-0

[Event "40th ECC Open 2025"]
[Site "Rhodes GRE"]
[Date "2025.10.25"]
[Round "7.55"]
[White "Warmerdam, Max"]
[Black "Xiao, Tong(QD)"]
[Result "0-1"]
[WhiteTitle "GM"]
[BlackTitle "GM"]
[WhiteElo "2582"]
[BlackElo "2537"]
[WhiteTeam "Kfar Saba"]
[BlackTeam "Turkish Airlines sports club"]
[WhiteFideId "1048104"]
[BlackFideId "8622388"]
[EventDate "2025.10.19"]

1. c4 c5 2. Nf3 Nc6 3. Nc3 Nf6 4. g3 g6 5. d4 cxd4 6. Nxd4 d6 7. Bg2 Bd7 8. Nc2
Bg7 9. O-O Qc8 10. Bg5 h6 11. Bxf6 Bxf6 12. Qd2 Bg7 13. Rfd1 Bh3 14. Bxh3 Qxh3
15. Nd5 O-O 16. Rac1 Rac8 17. b3 Rfe8 18. Ne1 Kh7 19. Nf3 Qf5 20. Kg2 Qe4 21.
Nc3 Qe6 22. Nd5 Qe4 23. Nc3 Qe6 24. h4 a6 25. Nd5 Qe4 26. Nc3 Qe6 27. Qd5 Qxd5
28. Nxd5 Nb8 29. e3 h5 30. Kf1 Nd7 31. Ke2 Nf6 32. Ng5+ Kg8 33. Nxf6+ Bxf6 34.
Ne4 Bb2 35. Rb1 Bg7 36. Rbc1 Rc6 37. c5 f5 38. Ng5 dxc5 39. Rd7 b5 40. e4 c4 41.
Nf3 fxe4 42. Nd2 c3 43. Nxe4 c2 44. Rd2 Rec8 45. Kd3 Bh6 46. f4 e5 47. Rdxc2
Rxc2 48. Rxc2 Rxc2 49. Kxc2 exf4 50. gxf4 Bxf4 51. Kd3 b4 52. Nc5 a5 53. Ke4 Bg3
54. Kf3 Bxh4 55. Nb7 Be7 56. Nxa5 Kf7 57. Nc4 Kf6 58. Ke4 g5 59. Ne3 Bd6 60. Nc4
Ke6 61. Ne3 g4 62. Nf5 Be5 63. Ne3 Bb8 64. Nd5 g3 65. Ne3 h4 0-1

[Event "40th ECC Open 2025"]
[Site "Rhodes GRE"]
[Date "2025.10.25"]
[Round "7.56"]
[White "Oro, Faustino"]
[Black "Gorshtein, Ido"]
[Result "1/2-1/2"]
[WhiteTitle "IM"]
[BlackTitle "GM"]
[WhiteElo "2509"]
[BlackElo "2537"]
[WhiteTeam "Turkish Airlines sports club"]
[BlackTeam "Kfar Saba"]
[WhiteFideId "20000197"]
[BlackFideId "2815532"]
[EventDate "2025.10.19"]

1. d4 Nf6 2. c4 e6 3. Nc3 Bb4 4. e3 O-O 5. Bd3 Re8 6. Ne2 d5 7. O-O Bf8 8. a3
Nbd7 9. b4 c6 10. Bb2 e5 11. dxe5 Nxe5 12. cxd5 cxd5 13. Bb5 Bd7 14. Qb3 Bxb5
15. Nxb5 Qd7 16. Bxe5 Rxe5 17. Qd3 a6 18. Nbd4 Bd6 19. Ng3 Ree8 20. Rfd1 Bxg3
21. hxg3 Rac8 22. Rac1 g6 23. Ne2 Rxc1 24. Rxc1 Rc8 25. Rc3 h5 26. Qd4 Rc6 27.
f3 Ne8 28. Nf4 Nc7 29. Rc5 Rxc5 30. Qxc5 Qc6 31. Qd4 Ne6 32. Qxd5 Qc1+ 33. Kh2
Nxf4 34. exf4 Qxa3 35. Qxb7 Qd3 36. Qb8+ Kh7 37. Qe5 Kg8 38. Qf6 Qc4 39. Qd6 Kh7
40. Kh3 Qf1 41. Kh2 Qc4 42. Qc5 Qd3 43. Qe7 Kg8 44. Qe8+ Kg7 45. Qe5+ Kg8 46.
Qf6 Qc4 47. Qd8+ Kg7 48. Qd2 Kg8 49. Kh3 Qe6+ 50. g4 hxg4+ 51. fxg4 Qe4 52. f5
Kh7 53. Qa2 Qe3+ 54. g3 Kg8 55. Qd5 Kg7 56. fxg6 Qh6+ 57. Kg2 Qxg6 58. Qd4+ Qf6
59. Qf4 Qc6+ 60. Qf3 Qc2+ 61. Kh3 Qh7+ 62. Kg2 Qc2+ 63. Kh3 Qh7+ 1/2-1/2

[Event "40th ECC Open 2025"]
[Site "Rhodes GRE"]
[Date "2025.10.25"]
[Round "7.57"]
[White "Boruchovsky, Avital"]
[Black "Ahmad, Khagan"]
[Result "1-0"]
[WhiteTitle "GM"]
[BlackTitle "IM"]
[WhiteElo "2509"]
[BlackElo "2455"]
[WhiteTeam "Kfar Saba"]
[BlackTeam "Turkish Airlines sports club"]
[WhiteFideId "2800055"]
[BlackFideId "13431552"]
[EventDate "2025.10.19"]

1. c4 c5 2. Nf3 Nc6 3. Nc3 g6 4. e3 Nf6 5. d4 cxd4 6. exd4 d5 7. cxd5 Nxd5 8.
Bc4 Nxc3 9. Qb3 e6 10. bxc3 Bd7 11. Bd3 Na5 12. Qb2 Bg7 13. Bf4 O-O 14. h4 Bc6
15. Qe2 Rc8 16. Rc1 Bxf3 17. Qxf3 Nc6 18. h5 e5 19. hxg6 exf4 20. gxf7+ Rxf7 21.
Bc4 Qe7+ 22. Kf1 b5 23. Qh3 Rc7 24. Qxh7+ Kf8 25. Bxf7 Qxf7 26. Qe4 Ne7 27. Qa8+
Rc8 28. Qxa7 f3 29. Rh3 fxg2+ 30. Kxg2 Qg6+ 31. Kf1 Qf5 32. Rg3 Bf6 33. Qb7 Nd5
34. Re1 Rc7 35. Qb8+ Rc8 36. Qb7 Rc7 37. Qb8+ Rc8 38. Qd6+ Kf7 39. Re5 Qb1+ 40.
Re1 Qf5 41. Re5 Qb1+ 42. Kg2 Nf4+ 43. Kf3 Rxc3+ 44. Kxf4 Rxg3 45. Qd5+ Kg6 46.
Kxg3 Bxe5+ 47. dxe5 Kf5 48. e6+ Kf6 49. Qf3+ Ke7 50. Qf7+ Kd6 51. Qd7+ Kc5 52.
e7 Qg6+ 53. Kf4 Qh6+ 54. Ke4 Qh4+ 55. f4 Qh1+ 56. Ke3 Qe1+ 57. Kf3 Qh1+ 58. Kg4
Qg2+ 59. Kh4 Qf2+ 60. Kg5 Qg3+ 61. Qg4 Qe3 62. Qc8+ 1-0

[Event "40th ECC Open 2025"]
[Site "Rhodes GRE"]
[Date "2025.10.25"]
[Round "7.58"]
[White "Cieslak, Patryk"]
[Black "Levin, Guy"]
[Result "1/2-1/2"]
[WhiteTitle "IM"]
[BlackTitle "IM"]
[WhiteElo "2474"]
[BlackElo "2466"]
[WhiteTeam "Turkish Airlines sports club"]
[BlackTeam "Kfar Saba"]
[WhiteFideId "21078882"]
[BlackFideId "2824213"]
[EventDate "2025.10.19"]

1. c4 e5 2. Nc3 Bb4 3. Nf3 Nc6 4. Nd5 e4 5. Nxb4 Nxb4 6. Nd4 Nf6 7. a3 Nc6 8.
Nxc6 dxc6 9. d4 exd3 10. Qxd3 Qxd3 11. exd3 Bf5 12. Bg5 O-O-O 13. O-O-O Rd6 14.
h3 Rhd8 15. Kc2 h6 16. Be3 Bh7 17. Be2 Nd7 18. Kc3 c5 19. Rd2 a5 20. b3 b6 21.
Rhd1 Nf6 22. g4 Re8 23. Rg1 Nd7 24. h4 Nf8 25. d4 cxd4+ 26. Bxd4 Ne6 27. Be3
Rxd2 28. Kxd2 Nc5 29. Bxc5 bxc5 30. g5 Rd8+ 31. Kc3 Re8 32. Bf3 Rd8 33. Be2 Re8
34. Bg4+ Kb8 35. gxh6 gxh6 36. Bf3 Rd8 37. Be2 Re8 38. Bf3 Rd8 39. Be2 Re8 40.
Kd2 Rd8+ 41. Kc1 Rg8 42. Rxg8+ Bxg8 43. Kd2 Kc8 44. Ke3 Bh7 45. Kf4 f6 46. Bg4+
Kd8 47. Bf5 Bg8 48. Be4 Ke7 49. Kg4 Bf7 50. Kf5 Bh5 51. Bd5 Be8 52. Bf3 Bf7 1/2-1/2

[Event "40th ECC Open 2025"]
[Site "Rhodes GRE"]
[Date "2025.10.25"]
[Round "7.59"]
[White "Erenberg, Ariel"]
[Black "Erten, Kerem"]
[Result "0-1"]
[WhiteTitle "IM"]
[BlackTitle "FM"]
[WhiteElo "2510"]
[BlackElo "2372"]
[WhiteTeam "Kfar Saba"]
[BlackTeam "Turkish Airlines sports club"]
[WhiteFideId "2811634"]
[BlackFideId "34588221"]
[EventDate "2025.10.19"]

1. e4 e5 2. Nf3 Nc6 3. Bb5 Nf6 4. d3 Bc5 5. Nbd2 d6 6. c3 O-O 7. O-O Bb6 8. h3
Ne7 9. Re1 c6 10. Ba4 Ng6 11. Nf1 Nh5 12. d4 Nhf4 13. Ng3 Qf6 14. Bc2 Re8 15.
Nf5 h6 16. g3 Nxh3+ 17. Kg2 d5 18. dxe5 Nxe5 19. Nxe5 dxe4 20. f4 Qxf5 21. Be3
Nxf4+ 22. gxf4 Qh3+ 0-1

[Event "40th ECC Open 2025"]
[Site "Rhodes GRE"]
[Date "2025.10.25"]
[Round "7.60"]
[White "Solakoglu, Ozgur"]
[Black "Mindlin, Alon"]
[Result "0-1"]
[WhiteTitle "FM"]
[BlackTitle "IM"]
[WhiteElo "1949"]
[BlackElo "2451"]
[WhiteTeam "Turkish Airlines sports club"]
[BlackTeam "Kfar Saba"]
[WhiteFideId "6300510"]
[BlackFideId "2800071"]
[EventDate "2025.10.19"]

1. e4 e5 2. Nf3 Nc6 3. Bb5 a6 4. Bxc6 dxc6 5. O-O Bd6 6. d4 exd4 7. Qxd4 f6 8.
Re1 Ne7 9. Na3 Be6 10. b3 Ng6 11. Nc4 Bxc4 12. Qxc4 Qe7 13. Bb2 O-O-O 14. Nd4
Qe5 15. Qe6+ Rd7 16. g3 Qxe6 17. Nxe6 Re8 18. Nd4 Be5 19. c3 c5 20. Nf5 Rd2 21.
Rab1 Rxb2 22. Rxb2 Bxc3 23. Rbe2 Bxe1 24. Rxe1 Ne5 25. Kg2 g6 26. Ne3 Nd3 27.
Rd1 Nb4 28. a3 Nc6 29. Ng4 Re6 30. Rd5 h5 31. Ne3 b6 32. f3 Nd4 33. Nc4 Nxb3 34.
e5 b5 35. Ne3 Rxe5 36. Rd3 Nc1 37. Rc3 Ne2 38. f4 Re8 0-1

[Event "40th ECC Open 2025"]
[Site "Rhodes GRE"]
[Date "2025.10.25"]
[Round "7.61"]
[White "Giri, Anish"]
[Black "Mastrovasilis, Dimitrios"]
[Result "1-0"]
[WhiteTitle "GM"]
[BlackTitle "GM"]
[WhiteElo "2759"]
[BlackElo "2522"]
[WhiteTeam "BayeganPendik chess sports"]
[BlackTeam "Kavala"]
[WhiteFideId "24116068"]
[BlackFideId "4202694"]
[EventDate "2025.10.19"]

1. c4 e6 2. Nc3 d5 3. d4 Nf6 4. cxd5 exd5 5. Bg5 Be7 6. e3 h6 7. Bh4 Bg4 8. Nf3
O-O 9. Bd3 c6 10. Qb3 Bxf3 11. gxf3 Qb6 12. Qc2 Nbd7 13. Bf5 Rfe8 14. O-O-O Nf8
15. Rhg1 Nh5 16. Bg3 Nxg3 17. hxg3 Rad8 18. Kb1 Bb4 19. Ne2 c5 20. dxc5 Bxc5 21.
Nf4 d4 22. e4 d3 23. Nxd3 Bd4 24. Rge1 g6 25. Bh3 Nh7 26. f4 Nf6 27. e5 Nd5 28.
Qb3 Bxf2 29. Nxf2 Qxf2 30. e6 Kg7 31. f5 gxf5 32. Rf1 Qe3 33. exf7 Rf8 34. Rd3
Qe2 35. Ka1 Nf6 36. Re3 Qa6 37. a3 Rxf7 38. Rxf5 Qc6 39. Ka2 Rd2 40. Ref3 Qc2
41. Qxf7+ Kxf7 42. Rxf6+ Ke7 43. Rf7+ Ke8 44. Rf8+ Ke7 45. R3f7+ Kd6 46. Rd7+
Ke5 47. Re8+ Kf6 48. Re6+ Kg5 49. Rg7+ Kh5 50. Bg4# 1-0